Occupation of Japan : Policy and progress

Contents Development of policy trough Allied Cooperation Surrender Planning for Future Policy of Japan Occupation Politics War Criminals Reparations Education Economics War Industry and the Zaibatsu Labor International Trade The Future Appendixes.

Gorde:
Xehetasun bibliografikoak
Egile korporatiboa: United States., Department of State
Formatua: Liburua
Hizkuntza:Undetermined
Argitaratua: Washington U.S. Govt. Print. Off. 1946
Gaiak:
Etiketak: Etiketa erantsi
Etiketarik gabe, Izan zaitez lehena erregistro honi etiketa jartzen!
Thư viện lưu trữ: Trung tâm Học liệu Trường Đại học Cần Thơ
LEADER 00905nam a2200229Ia 4500
001 CTU_227644
008 210402s9999 xx 000 0 und d
082 |a 940.5352 
082 |b D419 
110 |a United States. 
110 |b Department of State 
245 0 |a Occupation of Japan : 
245 0 |b Policy and progress 
245 0 |c United States. Department of State 
260 |a Washington 
260 |b U.S. Govt. Print. Off. 
260 |c 1946 
520 |a Contents Development of policy trough Allied Cooperation Surrender Planning for Future Policy of Japan Occupation Politics War Criminals Reparations Education Economics War Industry and the Zaibatsu Labor International Trade The Future Appendixes. 
650 |a Tái thiết (1939-1951),Reconstruction (1939-1951) 
650 |z Nhật Bản,Japan 
910 |b dqhieu 
980 |a Trung tâm Học liệu Trường Đại học Cần Thơ